000 00438nam a2200181Ia 4500
001 17429
005 20260306171516.0
008 260306s9999||||xx |||||||||||||| ||und||
041 _aESP
082 _a658
_bB141 V. 19
100 _aFaus, J
_eAUT
245 0 _aFinanzas estructurales y estrategias financieras
260 _c1997
300 _a109 páginas :
_c25 cm.
650 _aGEN
654 _aCAN
942 _cLIB
_dJUS
_fJUS
_2ddc
_n
999 _c17429
_d17429